| 000 | 00926nam a2200289 i 4500 | ||
|---|---|---|---|
| 003 | EG-GICUC | ||
| 005 | 20260410100235.0 | ||
| 008 | 260410s1991 us ||||fr|||| 00| 0 eng d | ||
| 020 | _a0915597861 | ||
| 040 |
_aEG-GiCUC _beng _cEG-GiCUC _dEG-GiCUC _eRda |
||
| 082 | 0 | 4 |
_221 _a341.77 _bSH . I |
| 092 | 0 | 4 | _221 |
| 099 | _aLaw1 11 341.77 SH . I 1991 | ||
| 100 | 1 |
_aShukri,Muhammad Aziz _eAuthor. |
|
| 245 |
_aInternational Terrorism : _bA Legal Critique / _cMuhammad Aziz Shukri . |
||
| 264 | 1 |
_aUnited States : _bAmana Books , _c1991 . |
|
| 300 |
_a196 page ; _c24 cm. |
||
| 336 |
_2rda contenu _a texte |
||
| 337 |
_2rda medias _aOrdinateur |
||
| 338 |
_2 transporteur rda _a Ressource en ligne |
||
| 546 | _aText in English | ||
| 650 | _aPublic International Law | ||
| 650 | _aInternational Criminal Law | ||
| 856 | 4 | 0 | _uhttps://fll.law.cu.edu.eg/fulltext/bks/B11-09779.pdf |
| 905 | _a59 | ||
| 942 |
_2ddc _n0 _cBK _e21 |
||
| 999 |
_c69923 _d69923 |
||